000 00636nam a22002537a 4500
003 UA-OsUOA
001 21906
007 ta
008 20031215b un ||||| |||| 00| 0 ukr d
090 _a-+*070.4
_bП15
942 _cBK
040 _aUA-OsUOA
_brus
_cUA-OsUOA
_dUA-OsUOA
245 _aПамятная книга редактора
_cСост. А.Э.Мильчин
300 _a415 с.
955 _a0
041 _arus
080 _a-+*070.4
020 _a5-212-00008-4
260 _aМосква
_bКнига
_c1988
044 _aRU
250 _n2-е изд., испр. и доп.
650 7 _2UDC
999 _c308116
_d308116